000 01239nam a2200361 c 4500
001 60800
003 CO-BoRNBP
005 20260318201420.0
007 ta
008 200421s2018 ck a br 000 p spa d
020 _a9789583004971
040 _aCO-BoRNBP
_bspa
_erda
_cCO-BoRNBP
041 0 _aspa
043 _as-ck---
084 _aP
100 1 0 _aNiño, Jairo Aníbal,
_d1941-2010
_eaut
245 1 0 _aPreguntario /
_cJairo Aníbal Niño ; ilustraciones de Henry Javier González Torres.
250 _aPrimera edición.
_bSéptima reimpresión
264 1 _aBogotá, Colombia :
_bPanamericana Editorial,
_c2018
300 _a187 páginas :
_bilustraciones a color
336 _atexto
_btxt
_2rdacontent
337 _asin mediación
_bn
_2rdamedia
338 _avolumen
_bnc
_2rdacarrier
490 0 _aLiteratura
521 1 _aRecomendado para un público infantil mayor de 8 años
650 0 7 _aAutores colombianos
_2lemb
_932
650 0 7 _aPoesía infantil colombiana
_ySiglo XX
_2lemb
_92448
650 0 7 _aPreguntas y respuestas
_2lemb
_99411
650 1 7 _aJuegos de palabras
_2lemb
_9962
650 1 7 _aLiteratura infantil colombiana
_2rnbp
_934
700 1 0 _aGonzález Torres, Henry Javier,
_eill
_939042
942 _2loc
_cBKLITI
999 _c60800
_d60800